| 000 | 01087nam a22003617a 4500 | ||
|---|---|---|---|
| 001 | BR8204974 | ||
| 003 | BR-BrBNA | ||
| 005 | 20230928091434.0 | ||
| 007 | ta | ||
| 008 | 230509b bl.||||| |||| 00| 0 por d | ||
| 040 |
_aBR-BrBNA _bpor _cBiblioteca Nacional de Agricultura |
||
| 041 | _a(Por) | ||
| 072 |
_aA00 _b/G514 |
||
| 090 | _ A00 BR8204974 | ||
| 100 | 1 | _aBandeira, L.M.R. | |
| 110 | 1 | _aUnidade de Execucao de Pesquisa de Ambito Estadual de Teresina, PI (Brasil) | |
| 245 | 1 | _aCatalogo de publicacoes da Unidade de Execucao de Pesquisa de Ambito Estadual de Teresina, Piaui, 1975 - 1981 [Bibliografia, Brasil] | |
| 260 | 3 |
_aTeresina, PI (Brasil): _c1982. |
|
| 300 | _a67 p. | ||
| 650 | _aPRODUCAO VEGETAL | ||
| 650 | _aPRODUCAO ANIMAL | ||
| 650 | _aRECURSO NATURAL | ||
| 650 | _aTECNOLOGIA AGRICOLA | ||
| 650 | _aINDUSTRIALIZACAO | ||
| 650 | _aSOLO | ||
| 650 | _aDEFESA VEGETAL | ||
| 650 | _aPESQUISA AGRICOLA | ||
| 650 | _aINSTITUICAO DE PESQUISA | ||
| 650 | _aBIBLIOGRAFIA | ||
| 650 | _aPIAUI | ||
| 909 |
_a202309 _bLucia _c55 _dLucia Elande |
||
| 942 | _cBK | ||
| 999 |
_c33867 _d33867 |
||